| 000 | 00801cam a22002657a 4500 | ||
|---|---|---|---|
| 001 | 002108 | ||
| 003 | armpunfd | ||
| 005 | 20140612090659.0 | ||
| 008 | 070912e0####xx#a##########000#0#und#d | ||
| 040 |
_aarmpunfd _carmpunfd |
||
| 080 | _a330.342.14 AM 51 | ||
| 100 | 1 | 0 | _a Amin Samir |
| 245 | 1 | 0 | _aDinamica de la crisis global |
| 260 |
_a Exico : Siglo Xxi Editores _b1999. Isbn: 968-23-0909-3.256 P. |
||
| 650 | 7 |
_a Cisis De Ideologia _2LEMB |
|
| 650 | 7 |
_a Crisis De Hegemonia _2LEMB |
|
| 650 | 7 |
_a Crisis De Transicion _2LEMB |
|
| 650 | 7 |
_a Crisis Del Capitalismo _2LEMB |
|
| 650 | 7 |
_a Crisis Del Sistema Sovietico _2LEMB |
|
| 700 | 1 | 0 | _aArrighi Giovanni |
| 700 | 1 | 0 | _aGunder Frank Andre |
| 700 | 1 | 0 | _aWallerstein Immanuel |
| 942 |
_cLB _2cdu |
||
| 945 |
_aCatalis _d2010-08-19 |
||
| 999 |
_c2099 _d232603 |
||